Everton F.C. 25/26 Squad Numbers - Statistics

General Stats
  • This quiz has been taken 27 times
  • The average score is 24 of 25
Answer Stats
Hint Answer % Correct
Jordan Pickford 1
100%
Iliman Ndiaye 10
100%
Jake O'Brien 15
100%
Vitaliy Mykolenko 16
100%
Jack Grealish 18
100%
Tyrique George 19
100%
Nathan Patterson 2
100%
Tyler Dibling 20
100%
Séamus Coleman 23
100%
Michael Keane 5
100%
James Tarkowski 6
100%
Dwight McNeil 7
100%
Beto 9
100%
Thierno Barry 11
96%
Mark Travers 12
96%
Kiernan Dewsbury-Hall 22
96%
Carlos Alcaraz 24
96%
James Garner 37
96%
Adam Anzou 39
96%
Idrissa Gueye 27
91%
Tom King 31
91%
Jarrad Branthwaite 32
91%
Merlin Röhl 34
91%
Harrison Armstrong 45
91%
Tim Iroegbunam 42
87%
No matching quizzes found
Score Distribution
Percent of People with Each Score
Percentile by Number Answered
Your Score History
You have not taken this quiz